Survivor Contestants Who Beat Andrea Boehlke Quiz Stats

 Plays Quiz not verified by Sporcle

Challenge
Share
Tweet
Embed
Score 0/17 Timer 02:00
0 Plays Today
Castaway % Correct
John Cochran
98.5%
Rob Mariano
98.2%
Sarah Lacina
97%
Dawn Meehan
96.4%
Phillip Sheppard
96.1%
Brad Culpepper
95.8%
Tai Trang
94.9%
Eddie Fox
94.6%
Troyzan Robertson
94.3%
Castaway % Correct
Cirie Fields
93.8%
Natalie Tenerelli
93.5%
Brenda Lowe
93.5%
Aubry Bracco
92.3%
Sherri Biethman
91.4%
Erik Reichenbach
86.6%
Michaela Bradshaw
86.3%
Ashley Underwood
85.7%

You're not logged in!

Compare scores with friends on all Sporcle quizzes.
OR
Log In

You Might Also Like...

Show Comments

Extras

Top Quizzes Today


Score Distribution

Your Account Isn't Verified!

In order to create a playlist on Sporcle, you need to verify the email address you used during registration. Go to your Sporcle Settings to finish the process.

Report this User

Report this user for behavior that violates our Community Guidelines.

Details: